000 00740nam1a22002411i 4500
001 rc\201257
005 20240723213604.0
035 _a(NLR Aleph) 005621451
090 _a6498774
_c6498774
100 _a20030307g19949999u |0rusy50 ca
101 0 _arus
102 _aRU
105 _ay |||||||||
200 1 _aИстория второй мировой войны
_e[Перевод]
210 _aСПб.
_cПолигон
_d1994-
215 _d22
225 1 _aВоенно-историческая библиотека
300 _aНа пер. авт. не указан
700 1 _aТиппельскирх
_bК.
_f1891-1957
_gКурт
801 0 _aRU
_bNLR
_gpsbo
801 1 _aRU
_bELAR
_2rusmarc
852 _aNLR
_j95-5/1287
942 _cBOOK